| Поле | Название | Значение |
| |
Тип записи |
a |
| |
Библиографический уровень |
m |
| 001 |
Контрольный номер |
RU/ГПНТБ России/KNIGADB/83/С 60-042827307 |
| 005 |
Дата корректировки |
20201206205217.4 |
| 010 |
Индекс ISBN |
__ |
| a |
ISBN |
978-5-6042319-0-6 (в пер.) |
| d |
Цена |
484-78, 1000 экз. |
| 100 |
Данные общей обработки |
__ |
| a |
Данные общей обработки |
19191213d2019 |||y0rusy0189 ca |
| 101 |
Язык документа |
0_ |
| a |
Язык текста |
rus |
| 102 |
Страна публикации |
__ |
| a |
Страна публикации |
RU |
| 102 |
Страна публикации |
__ |
| a |
Страна публикации |
RU |
| 105 |
Кодированные данные (монография) |
__ |
| a |
Кодированные данные (монография) |
#|||||||000zy |
| 200 |
Заглавие и сведения об ответственности |
1_ |
| a |
Заглавие |
Как писать о любви |
| f |
Первые сведения об ответственности |
Ольга Соломатина |
| b |
Общее обозначение материала |
Текст |
| 210 |
Выходные данные |
__ |
| a |
Место издания |
Москва |
| c |
Издательство |
Альпина Паблишер |
| d |
Дата издания |
2019 |
| 215 |
Физическое описание |
__ |
| a |
Объем |
156, [1] с. |
| d |
Формат |
22 см |
| 330 |
Аннотация |
__ |
| a |
Аннотация |
Если вы хотите написать книгу о любви, вам обязательно стоит воспользоваться советами автора. Ольга Соломатина рассказывает о собственном писательском опыте, об особенностях создания литературного произведения, о том, как побороть страх, как довести начатое до конца, как относиться к своим текстам и их героям с уважением и нежностью. Она откровенно говорит обо всем, что так важно для писателя: о том, как важно научиться выдерживать разное отношение к себе, к своим текстам и чувствам, как нарастить защитную броню, позаботиться о своей безопасности. Независимо от того, сколько вам лет и какой у вас жизненный опыт, под руководством автора этой книги вы обязательно сможете реализовать свой творческий проект. |
| 606 |
Тематические рубрики |
__ |
| a |
Основная рубрика |
Литературоведение |
| 606 |
Тематические рубрики |
__ |
| a |
Основная рубрика |
Теория литературы |
| 610 |
Ключевые слова |
__ |
| a |
Ключевые слова |
писательский опыт |
| 610 |
Ключевые слова |
__ |
| a |
Ключевые слова |
литературное творчество |
| 610 |
Ключевые слова |
__ |
| a |
Ключевые слова |
литературные произведения |
| 610 |
Ключевые слова |
__ |
| a |
Ключевые слова |
литературные сюжеты |
| 610 |
Ключевые слова |
__ |
| a |
Ключевые слова |
главные герои |
| 610 |
Ключевые слова |
__ |
| a |
Ключевые слова |
кульминация |
| 610 |
Ключевые слова |
__ |
| a |
Ключевые слова |
секреты мастерства |
| 610 |
Ключевые слова |
__ |
| a |
Ключевые слова |
литературное мастерство |
| 610 |
Ключевые слова |
__ |
| a |
Ключевые слова |
творческий процесс |
| 610 |
Ключевые слова |
__ |
| a |
Ключевые слова |
писательское творчество |
| 610 |
Ключевые слова |
__ |
| a |
Ключевые слова |
писательское мастерство |
| 610 |
Ключевые слова |
__ |
| a |
Ключевые слова |
написание книг |
| 610 |
Ключевые слова |
__ |
| a |
Ключевые слова |
любовь |
| 610 |
Ключевые слова |
__ |
| a |
Ключевые слова |
тема любви |
| 610 |
Ключевые слова |
__ |
| a |
Ключевые слова |
создание книг |
| 610 |
Ключевые слова |
__ |
| a |
Ключевые слова |
работа над книгой |
| 610 |
Ключевые слова |
__ |
| a |
Ключевые слова |
литературный труд |
| 686 |
Индексы других классификаций |
__ |
| 2 |
Код системы |
rubbks |
| a |
Классификационный индекс |
83.02 |
| 700 |
Автор |
_1 |
| a |
Фамилия |
Соломатина |
| b |
Имя |
О. Л. |
| g |
Полное личное имя |
Ольга Л. |
| 4 |
Код отношения |
070 |
| 801 |
Источник записи |
_0 |
| a |
Страна |
RU |
| b |
Организация |
ГПНТБ России |
| c |
Дата составления |
20191213 |
| g |
Правила каталогизации |
PSBO |
| 801 |
Источник записи |
_2 |
| a |
Страна |
RU |
| b |
Организация |
Муниципальное бюджетное учреждение культуры "Централизованная библиотечная система" г. Сургут (Центральная городская библиотека им. А. С. Пушкина) |
| c |
Дата составления |
20191213 |
| 852 |
Данные о местонахождении |
__ |
| j |
Шифр хранения |
83.02 |
| i |
Авторский знак |
С 60 |
| 901 |
Тип документа |
__ |
| a |
Ответственный |
КиК/Лукашук |
| t |
Тип документа |
m |
| 903 |
Характеристики (МАРС) |
__ |
| a |
Дата передачи |
20191213 |
| 990 |
Данные о заказе (DOS) |
__ |
| j |
Количество экземпляров (DOS) |
1 |
| t |
N записи в КСУ для И/У (DOS) |
202001 |